01439cam a22003617a 4500003000500000005001700005008004100022010001000063011001000073035001000083040000900093090001000102100005200112245007100164260003900235300001200274502009900286590003700385590004100422590004100463590004100504590004200545650002100587650004400608650004700652901000700699942000900706949004300715949004800758999001700806952012600823952012800949CHAP20220329140304.0971013s1987 r 00010 d a49812 a50784 a54934 cCHAP aTesis00aRoche Vaval, Jean Joseph Dominique Will.99820613aLa eficiencia de las sociedades cooperativas de comercialización aChapingo, Méx. ; El autor,c1987 a(75 h.) aTesis (Ing. Agr. Esp. en Economía Agrícola) -- UACH. Departamento de Economía Agrícola aALEPHb10c20130110lUCH01h1323 aBATCH-UPDb10c20130110lUCH01h0659 aBATCH-UPDb10c20130410lUCH01h0344 aBATCH-UPDb10c20130914lUCH01h1813 aCONVERSIONb10c20130109lUCH01h132714aMercadeo.97488014aProductos agrícolasxMercadeo.99195114aSociedades cooperativasxMéxico.9108135 aBK cFOLL bBCcTESd-120889eTS1h19737i54934si bBCcTESd-120890eTS2fc.2h19739i54934si c49812d49812 00102local4053708TESISaBCbBCcPA_TESISd2019-12-31fTESISl0p-120890r2019-12-31 00:00:00tc.2w2019-12-31yTESIS 00102local4051708TESISaBCbBCcPA_TESISd2019-12-31fTESISl0oTesisp-120889r2019-12-31 00:00:00w2019-12-31yTESIS